| 000 | nam a22 a 4500 | ||
|---|---|---|---|
| 999 |
_c4763 _d4763 |
||
| 003 | AKMAL | ||
| 005 | 20180913101942.0 | ||
| 008 | 180913s2011 nyu| e | 001 0 eng d | ||
| 020 |
_a9780071769495 (pbk.) : _cRM100.10 |
||
| 082 | 0 | 4 |
_a658.4056 BER _222 |
| 090 | 2 | 0 |
_a658.4056 _bBER |
| 100 | 1 |
_aBernstein, Jonathan _q(Jonathan L.) _99107 |
|
| 245 | 1 | 0 |
_aManager's guide to crisis management / _cJonathan Bernstein ; with Bruce Bonafede |
| 260 |
_aNew York : _bMcGraw-Hill, _cc2011 |
||
| 300 |
_axi, 169p. ; _c23cm. |
||
| 490 | 1 | _aBriefcase book | |
| 500 | _aIncludes index | ||
| 650 | 1 | 0 |
_aCrisis management _96904 |
| 700 | 1 |
_aBonafede, Bruce _99108 |
|
| 830 | 0 |
_aBriefcase books _99109 |
|
| 942 |
_2ddc _cBOOK |
||